Szczegóły MARC21

Podstawy marketingu : problemy na dziś i na jutro /

003 -Nazwa inst., której nr kontr. jest w polu 001 [,]
    • @
    • Nazwa instytucji, której n kontrolny jest w polu 001
    • NUKAT
005 -DATA I CZAS OSTATNIEJ MODYFIKACJI [,]
    • @
    • pole kontrolne
    • 20241231103057.0
020 -Międzynarod. znormalizowany nr książki - ISBN [ , ]
    • a
    • Numer ISBN
    • 9788372417008 Find
040 -Instytucja sporządzająca opis [ , ]
    • a
    • Instytucja, która sporządziła opis (NP)
    • WA 14/IB
    • c
    • Instytucja, która sporządziła rekord (NP)
    • WA 14/IB
    • d
    • Instytucja, która zmodyfikowała rekord (P)
    • POZN U/HAs
942 -Rodzaj dokumentu [ , ]
    • c
    • Rodzaj dokumentu
    • Książka
245 -Strefa tytułu i oznaczenia odpowiedzialności [0,0]
    • a
    • Tytuł
    • Podstawy marketingu : Find
    • b
    • Ciąg dalszy tytułu (NP)
    • problemy na dziś i na jutro / Find
    • c
    • Pozostałe elementy strefy tytułu i oznaczenia odpowiedzialności (NP)
    • pod red. Józefa Perenca.
260 -Strefa adresu wydawniczego [ , ]
    • a
    • Miejsce wydania (P)
    • Szczecin :
    • b
    • Nazwa wydawcy (P)
    • Wydawnictwo Naukowe Uniwersytetu Szczecińskiego,
    • c
    • Data wydania (P)
    • 2008.
300 -Strefa opisu fizycznego [ , ]
    • a
    • Określenie formy książki i/lub objętość (NP)
    • 443 s. :
    • b
    • Oznaczenie ilustracji (NP)
    • il. ;
    • c
    • Format (NP)
    • 24 cm.
336 -Typ zawartości [ , ]
    • a
    • Termin opisujący typ zawartości
    • Tekst
    • b
    • Kod określający zawartość
    • txt
    • 2
    • Źródło (terminu i kodu)
    • rdacontent
337 -Typ mediów [ , ]
    • a
    • Tryb odtwarzania
    • Bez urządzenia pośredniczącego
    • b
    • Kod typu mediów
    • n
    • 2
    • Źródło (terminu i kodu)
    • rdamedia
338 -Typ/rodzaj nośnika [ , ]
    • a
    • Hasło opisujące typ nośnika
    • Wolumin
    • b
    • Kod typu nośnika
    • nc
    • 2
    • Źródło (terminu i kodu)
    • rdacarrier
504 -Uwaga dot. bibliogr. załącznikowej [ , ]
    • a
    • Uwaga dot. bibliografii załącznikowej
    • Bibliogr. s. [423]-437.
521 -Uwaga dot. przeznaczenia czytelniczego [8, ]
    • a
    • Uwaga dot. przeznaczenia czytelniczego
    • Dla studentów kierunków ekonomicznych i zarządzania, oraz dla praktyków gospodarczych.
080 -Uniwersalna Klasyfikacja Dziesiętna [ , ]
    • 2
    • Identyfikator wydania tablic
    • UDC-P058
    • 9
    • UKD
    • 3296
    • a
    • Symbol klasyfikacji
    • 339.138
    • b
    • Dopowiedzenie
    • Marketing. Badania marketingowe.
    • 4
    • UKD2
    • 7665
    • x
    • Poddział wspólny
    • (075.8)
    • c
    • Dopowiedzenie poddz. wspólnego
    • (Podręczniki dla szkół wyższych. Skrypty).
650 -Hasło przedmiotowe [ ,7]
    • a
    • Hasło przedmiotowe
    • Marketing
    • v
    • Określnik formalny
    • podręczniki akademickie.
    • 2
    • Źródło terminu
    • kaba
    • 9
    • KHW
    • 350294
980 -Symbol UKD [ , ]
    • a
    • UKD
    • 339.138(075.8)
700 -Hasło dodatkowe - nazwa osobowa [1, ]
    • a
    • Nazwa osobowa (NP)
    • Perenc, Józef Find
    • d
    • Daty biograficzne (NP)
    • (1945- ).
    • e
    • Określenie rodzaju współpracy
    • Red.
    • 9
    • KHW
    • 854
710 -Hasło dodatkowe - nazwa ciała zbiorowego [2, ]
    • a
    • Nazwa ciała zbiorowego lub nazwa geograficzna jako pierwszy element (NP)
    • Uniwersytet Szczeciński.
    • b
    • Nazwa jednostki podrzędnej (P)
    • Wydawnictwo Naukowe.
    • 4
    • Kod relacji
    • pbl
    • 9
    • KHW
    • 51208
920 -ISBN [ , ]
    • a
    • ISBN
    • 978-83-7241-700-8 Find
Data inwentaryzacji Lokalizacja Sygnatura Numer inwentarzowy Status udost.
2008-11-27BG Z.1118411
2011-09-08BG N.201401
2011-09-08BG N.201411
2011-09-08BG N.201421
2008-11-27T TM.6056-3
2008-11-27T TM.6057-3
2008-11-27TTM.6058TM.6058-3
2008-11-27T TM.6059-3
2008-11-27T TM.6060-3
2008-11-27T TM.6061-3
2008-11-27T TM.6062-3
2008-11-27T TM.6063-3
2008-11-27T TM.6064-3
2008-11-27T TM.6065-3
2008-11-27T T.10267-2
2008-12-19T TM.6149-3
2008-12-19T TM.6150-3
2008-12-19T TM.6151-3
2008-12-19T TM.6152-3
2008-12-19T TM.6153-3
2009-04-30T TM.6532-3
2009-08-18T TM.6785-3
2009-10-23T TM.6905-3
2009-10-23T TM.6906-3
2010-05-17T TM.7149-2
2010-12-17T TM.7612-3
2010-12-17T TM.7613-3
2010-12-17T TM.7614-3
2010-12-17T TM.7615-3
2012-04-04T TM.8490-3
2012-06-27T TM.8603-3
2014-12-31TTM.12095TM.12095-3
2015-02-19TTM.12231TM.12231-3
2015-03-26TTM.12283TM.12283-3
2015-03-26TTM.12284TM.12284-3
2015-03-26TTM.12285TM.12285-3
2015-09-28TTM.12694TM.12694-3
2015-09-28TTM.12695TM.12695-3
2015-09-28TTM.12696TM.12696-3
2015-09-28TTM.12697TM.12697-3
2015-12-04TTM.12786TM.12786-3
2016-01-20TTM.12843TM.12843-3
2016-05-05TTM.12952TM.12952-3
2016-05-05TTM.12953TM.12953-3
2016-05-05TTM.12962TM.12962-6
2016-12-09TTM.13009TM.13009-3
2017-03-10TTM.13111TM.13111-3
2017-04-11TTM.13216TM.13216-3
2017-04-11TTM.13217TM.13217-3
2017-10-24TTM.13437TM.13437-3
2017-10-27TTM.13454TM.13454-3
2017-10-27TTM.13455TM.13455-3
2019-12-16TTM.14865TM.14865-3
2019-12-16TTM.14866TM.14866-3
2009-10-23T TM.6907-6